Unit 3 AP euro - Statistics

General Stats
  • This quiz has been taken 55 times
  • The average score is 5 of 8
Answer Stats
Hint Answer % Correct
The revolution that placed Mary and William of Orange in power as James II abdicated the throne, no bloodshed Glorious revolution
83%
Belief that God gave you the power to rule Divine right
80%
Russian emperor who instituted many reforms to modernize Russia Peter the Great
80%
Ruled England as protectorate following English Civil War Oliver Cromwell
78%
Trade system between Europe, Africa, and The Americas Triangular trade
46%
Swedish General known as the father of modern warfare Gustavus Adolphus
41%
Series of civil wars in France, its failure paved the way for absolutist King Louis XIV The Fronde
32%
Limited monarchy;s power and protected parliaments, required to be accepted by Mary and William of Orange English Bill of Rights
29%
No matching quizzes found
Score Distribution
Percent of People with Each Score
Percentile by Number Answered
Your Score History
You have not taken this quiz